La ONU en su peor crisis de identidad desde la guerra de Corea /

Guardat en:
Dades bibliogràfiques
Autor principal: Coloane, Juan Francisco
Format: Text
Etiquetes: Afegir etiqueta
Sense etiquetes, Sigues el primer a etiquetar aquest registre!

MARC

LEADER 00000 a a2200000 04500
001 47174
003
040
100 |a Coloane, Juan Francisco  
245 |a La ONU en su peor crisis de identidad desde la guerra de Corea /  |c Juan Francisco Coloane  
773 |g número151, (2011), páginas 78-80  
999 |c 38277  |d 38277